| 000 | 00404nam a22001457a 4500 | ||
|---|---|---|---|
| 008 | 160218b xxu||||| |||| 00| 0 eng d | ||
| 020 | _a978-93-5115-107-4 | ||
| 082 |
_22014 _aDC 647.94068 _bH832 |
||
| 245 | _aHotel management and operations | ||
| 260 |
_aUAE: _b3G Elearning, _cc2014. |
||
| 300 |
_a206 pages; _c23 cm. |
||
| 500 | _aIncludes index. | ||
| 650 | 0 |
_93059 _aHotel management. |
|
| 942 |
_2ddc _cDC |
||
| 999 |
_c1106 _d1106 |
||